Selena : (Registro nro. 11166)

Detalles MARC
000 -LIDER
fixed length control field 00866nam a22002777a 4500
001 - NÚMERO DE CONTROL
Identificador de número de control 001145
003 - IDENTIFICACDOR DE NÚMERO DE CONTROL
control field DO-SdBNP
005 - DATE AND TIME OF LATEST TRANSACTION
control field 20230712121558.0
007 - CAMPOS FIJOS DE DESCRIPCIÓN FÍSICA
fixed length control field 001145
008 - ELEMENTOS DE LONGITUD FIJA
fixed length control field 160815b2010 mx | 00| 0 spa d
020 ## - ISBN
International Standard Book Number 9786071104168
040 ## - FUENTE DE CATALOGACIÓN
Agencia que crea de manera original el registro BPMSU
Idioma de catalogación spa
Agencia que realiza la transcripción BPMSU
082 #4 - NÚMERO DE CLASIFICACIÓN DECIMAL DE DEWEY
Classification number 927
Item number Q7C 2010
Edition number 22
100 1# - ASIENTO PRINCIPAL -- NOMBRE PERSONAL
Nombre personal Castrellón, Cristina
Fechas asociadas con el nombre
245 10 - MENCIÓN DE TITULO
Título Selena :
Subtítulo su vida después de su muerte /
Enlace Cristina Castrellón ; prólogo Georgette Rivera
260 ## - PUBLICACIÓN, DISTRIBUCIÓN, ETC. (PIE DE IMPRENTA)
Lugar de publicación, distribución, etc México :
Nombre del editor, distribuidor, etc. Santillana Ediciones Generales,
Fecha de publicación, distribución, etc 2010.
300 ## - DESCRIPCIÓN FÍSICA
Extensión 299 p. :
Otros detalles físicos il.,
Dimensiones 19 cm.
490 0# - MENCIÓN DE SERIES
Mención de serie Punto de lectura,
Volume/sequential designation 401/1
590 ## - NOTA LOCAL
Enlace Inventariado, 2023/VM
600 14 - ENCABEZAMIENTO DE MATERIA--NOMBRE PERSONAL
Nombre personal Selena
Fechas asociadas con el nombre 1971-1995
650 #4 - ENCABEZAMIENTO DE MATERIA--TEMÁTICO
Término temático o nombre geográfico como elemento de entrada Cantantes
Subdivisión temática general Estados Unidos
Subdivisión de forma Biografía.
700 ## - ASIENTO SECUNDARIO -- NOMBRE PERSONAL
Nombre personal Rivera, Georgette,
Mención de responsabilidad pról.
830 #0 - ASIENTO SECUNDARIO DE SERIE--TÍTULO UNIFORME
Título uniforme Punto de lectura
Número de la parte o sección de una obra 401/1
910 ## - VALIDACIÓN
Validación VMateo V. Control de calidad (BPMSU)
942 ## - ADDED ENTRY ELEMENTS (KOHA)
Source of classification or shelving scheme Dewey Decimal Classification
Koha item type Libros
Existencias
Withdrawn status Lost status Source of classification or shelving scheme Damaged status Not for loan Collection code Home library Current library Date acquired Source of acquisition Total Checkouts Full call number Barcode Date last seen Price effective from Koha item type Copy number
    Dewey Decimal Classification     Colección General Biblioteca Pública Metropolitana Salomé Ureña Biblioteca Pública Metropolitana Salomé Ureña 08/15/2016 Santillana Ediciones Generales,   BPMSU CG 927 Q7C 2010 BPMSU16080193 08/15/2016 08/15/2016 Libros  
    Dewey Decimal Classification     Colección General Biblioteca Pública Metropolitana Salomé Ureña Biblioteca Pública Metropolitana Salomé Ureña 08/15/2016 Santillana Ediciones Generales,   BPMSU CG 927 Q7C 2010 BPMSU16080194 08/15/2016 08/15/2016 Libros e. 2
    Dewey Decimal Classification     Colección General Biblioteca Pública Metropolitana Salomé Ureña Biblioteca Pública Metropolitana Salomé Ureña 08/15/2016 Santillana Ediciones Generales,   BPMSU CG 927 Q7C 2010 BPMSU16080195 08/15/2016 08/15/2016 Libros e.3